Vietnam opportunities for investors =
| Format: | Book |
|---|---|
| Published: |
[S.l]:
Vietnam Economic Times,
[2005].
|
| Subjects: |
| LEADER | 00502cam a2200157 7i4500 | ||
|---|---|---|---|
| 001 | 0000018672 | ||
| 005 | 20070109090000.0 | ||
| 090 | 0 | 0 | |a VIET 332.6 |b VIE |
| 245 | 0 | 0 | |a Vietnam opportunities for investors = |l Vietnam tiem nang va co hoi dau tu. |
| 260 | 0 | 0 | |a [S.l]: |b Vietnam Economic Times, |c [2005]. |
| 300 | # | # | |a 393 p. |
| 650 | 0 | 0 | |a Business -- |z Vietnam |
| 650 | 0 | 0 | |a Investments -- |z Vietnam |
| 650 | 0 | 0 | |a Tourism -- |z Vietnam |
| 651 | 0 | 0 | |a Vietnam |
| 999 | |a 0000019509 |b Book |c Countries |e Business Information Centre | ||